Народный художник России, действительный член Российской академии художеств, лауреат Государственной премии им. И.Е. Репина Станислав Михайлович Никиреев. 1932-2007 (Запись № 4063330)
[ простой вид ]
| 000 -МАРКЕР | |
|---|---|
| контрольное поле | 02189nam0a2200349 i 4500 |
| 001 - ИДЕНТИФИКАТОР ЗАПИСИ | |
| контрольное поле | RU\NLR\bibl\1990470 |
| 005 - ИДЕНТИФИКАТОР ВЕРСИИ | |
| контрольное поле | 20260407131916.0 |
| 010 ## - МЕЖДУНАРОДНЫЙ СТАНДАРТНЫЙ НОМЕР КНИГИ (ISBN) | |
| Номер (ISBN) | 9785984290845 |
| Тираж | 1000 |
| 021 ## - НОМЕР ГОСУДАРСТВЕННОЙ РЕГИСТРАЦИИ | |
| Код страны | Российская Федерация |
| Номер | 2012-99302 |
| Номер Листа государственной регистраци | 7327 |
| 035 ## - ДРУГИЕ СИСТЕМНЫЕ НОМЕРА | |
| Идентификатор записи | (NLR Aleph) 001979012 |
| 100 ## - ДАННЫЕ ОБЩЕЙ ОБРАБОТКИ | |
| Данные общей обработки | 20130122d2012 u y0rusy50 ca |
| 101 0# - ЯЗЫК РЕСУРСА | |
| Язык текста, звукозаписи и т.д. | русский |
| 102 ## - СТРАНА ПУБЛИКАЦИИ ИЛИ ПРОИЗВОДСТВА | |
| Страна публикации | Российская Федерация |
| 105 ## - ПОЛЕ КОДИРОВАННЫХ ДАННЫХ: ТЕКСТОВЫЕ МАТЕРИАЛЫ, МОНОГРАФИЧЕСКИЕ | |
| Кодированные данные о монографическом текстовом документе | a ||||||||| |
| 200 1# - ЗАГЛАВИЕ И СВЕДЕНИЯ ОБ ОТВЕТСТВЕННОСТИ | |
| Основное заглавие | Народный художник России, действительный член Российской академии художеств, лауреат Государственной премии им. И.Е. Репина Станислав Михайлович Никиреев. 1932-2007 |
| Сведения, относящиеся к заглавию | выставка произведений. К 80-летию со дня рождения |
| -- | графика |
| -- | каталог |
| Первые сведения об ответственности | [сост.: Т.И. Воронова |
| Последующие сведения об ответственности | авт. ст.: Станислав Минаков, Н. Гневшев] |
| 210 ## - ПУБЛИКАЦИЯ, РАСПРОСТРАНЕНИЕ И ДР. | |
| Место издания, распространения и т.д. | Мичуринск |
| Имя издателя, распространителя и т. д. | [б. и.] |
| Дата издания, распространения и т.д. | 2012 |
| 215 ## - ФИЗИЧЕСКАЯ ХАРАКТЕРИСТИКА | |
| Специфическое обозначение материала и объем | 67 с. |
| Другие сведения о физической характеристике | ил., цв. ил., портр. |
| Размеры | 30 |
| 300 ## - ОБЩИЕ ПРИМЕЧАНИЯ | |
| Текст примечания | Загл. обл.: Станислав Никиреев - лучший рисовальщик мира |
| 300 ## - ОБЩИЕ ПРИМЕЧАНИЯ | |
| Текст примечания | В надзаг.: Упр. культуры и арх. дела Тамб. обл., Музей-усадьба нар. худож. СССР А.М. Герасимова |
| 512 1# - ЗАГЛАВИЕ ОБЛОЖКИ | |
| Заглавие обложки | Станислав Никиреев - лучший рисовальщик мира |
| 600 #1 - ИМЯ ЛИЦА КАК ПРЕДМЕТ | |
| Начальный элемент ввода | Никиреев |
| Часть имени, кроме начального элемента ввода | С.М. |
| Даты | 1932 - 2007 |
| Расширение инициалов личного имени | Станислав Михайлович |
| Формальный подзаголовок | Каталоги |
| Тематический подзаголовок | Выставки |
| Системный номер авторитетной/нормативной записи | 2142931 |
| Идентификатор авторитетной/нормативной записи | RU\NLR\auth\661595961 |
| 686 ## - ИНДЕКСЫ ДРУГИХ КЛАССИФИКАЦИЙ | |
| Индекс | Щ153(2Р=Рус)7-8Никиреев л62 |
| 702 #1 - ИМЯ ЛИЦА - ВТОРИЧНАЯ ОТВЕТСТВЕННОСТЬ | |
| Начальный элемент ввода | Воронова |
| Часть имени, кроме начального элемента ввода | Т. И. |
| Расширение инициалов личного имени | Тамара Ильинична |
| Код отношения | Составитель |
| 702 #1 - ИМЯ ЛИЦА - ВТОРИЧНАЯ ОТВЕТСТВЕННОСТЬ | |
| Начальный элемент ввода | Никиреев |
| Часть имени, кроме начального элемента ввода | С. М. |
| Даты | 1932-2007 |
| Расширение инициалов личного имени | Станислав Михайлович |
| Код отношения | Прочие |
| 712 02 - НАИМЕНОВАНИЕ ОРГАНИЗАЦИИ - ВТОРИЧНАЯ ОТВЕТСТВЕННОСТЬ | |
| Код отношения | Прочие |
| Начальный элемент ввода | Музей-усадьба народного художника СССР А. М. Герасимова |
| Идентифицирующий признак | Мичуринск |
| Системный номер авторитетной/нормативной записи | 658270 |
| Идентификатор авторитетной/нормативной записи | RU\NLR\AUTH\8810078041 |
| 801 #0 - ИСТОЧНИК ЗАПИСИ | |
| Страна | Российская Федерация |
| Организация | NLR |
| Дата составления | 20130122 |
| Правила каталогизации | RCR |
| 801 #1 - ИСТОЧНИК ЗАПИСИ | |
| Страна | Российская Федерация |
| Организация | NLR |
| Дата составления | 20130122 |
| 830 ## - ОБЩЕЕ ПРИМЕЧАНИЕ, СОСТАВЛЕННОЕ КАТАЛОГИЗАТОРОМ | |
| Текст примечания | сост. по ЭК |
| 942 ## - ДОПОЛНИТЕЛЬНЫЕ ЭЛЕМЕНТЫ ЗАПИСИ (АБИС) | |
| Тип экземпляра АБИС | Книга |
| 980 ## - КОЛЛЕКЦИЯ | |
| Название коллекции | НБР |
Нет доступных экземпляров.